000 00729nam a2200193 i 4500
001 57081
003 ES-MaACL
005 20230906163517.0
007 t|
008 031014s1967 sp ||||1| spa d
245 0 0 _aDoctrina social y económica de los Padres de la Iglesia
_b: colección general de documentos y textos /
_cRestituto Sierra Bravo ; prefacio por Florentino del Valle.
260 _aMadrid :
_bCompañía Bibliográfica Española,
_c[1967]
300 _a1056 p. ;
_c21 cm.
650 4 _aCristianismo-
_xDoctrina social.
_9171595
700 1 _aSierra Bravo, Restituto.
_9106265
700 1 _aValle, Florentino del.
_9112759
710 2 _aCompañía Bibliográfica Española.
_9171207
852 _aES-MaACL
_jC-32397
999 _c57081
_d57081